[Event "CRO-chT U20 20th"]
[Site "Sv Filip i Jakov"]
[Date "2011.04.29"]
[Round "7"]
[White "Camber, Ivan"]
[Black "Vincetic, Kristijan"]
[Result "1-0"]
[WhiteElo "1883"]
[BlackElo "1577"]
[PlyCount "93"]
[EventDate "2011.04.26"]
[EventType "team-tourn"]
[EventRounds "11"]
[EventCountry "CRO"]
[SourceTitle "EXT 2012"]
[Source "ChessBase"]
[SourceDate "2011.11.24"]
[SourceVersion "1"]
[SourceVersionDate "2011.11.24"]
[SourceQuality "1"]

1. e4 c5 2. Nf3 a6 3. c3 Nf6 4. e5 Nd5 5. d4 e6 6. Bd3 d6 7. 0-0 Be7 8. Re1 0-0 9. Nbd2 Nc6 10. exd6 Bxd6 11. Ne4 cxd4 12. Nxd6 Qxd6 13. Bxh7+ Kxh7 14. Ng5+ Kg8 15. Qh5 Nf6 16. Qh4 Re8 17. Nf3 e5 18. Bg5 Nh7 19. Bf4 Bf5 20. Bg3 Re6 21. cxd4 Nxd4 22. Nxe5 Rh6 23. Qf4 g5 24. Qd2 Nc2 25. Qxd6 Rxd6 26. Rad1 Rad8 27. Rxd6 Rxd6 28. Rc1 Nd4 29. Re1 Ne2+ 30. Kh1 Nxg3+ 31. fxg3 Re6 32. Kg1 f6 33. Nf3 Rxe1+ 34. Nxe1 Kf7 35. Kf2 Ke6 36. Ke3 Ke5 37. Nf3+ Kd5 38. Nd4 Be4 39. a3 Bxg2 40. Nf5 Ke5 41. Nd4 Nf8 42. h4 gxh4 43. gxh4 Ng6 44. h5 Nf4 45. h6 Nd5+ 46. Kf2 Kxd4 47. h7 1-0

[Event "CRO-chT U20 20th"]
[Site "Sv Filip i Jakov"]
[Date "2011.04.26"]
[Round "1"]
[White "Cupic, Lovro"]
[Black "Vincetic, Kristijan"]
[Result "1-0"]
[WhiteElo "2049"]
[BlackElo "1577"]
[PlyCount "35"]
[EventDate "2011.04.26"]
[EventType "team-tourn"]
[EventRounds "11"]
[EventCountry "CRO"]
[SourceTitle "EXT 2012"]
[Source "ChessBase"]
[SourceDate "2011.11.24"]
[SourceVersion "1"]
[SourceVersionDate "2011.11.24"]
[SourceQuality "1"]

1. e4 c5 2. Nf3 e6 3. d4 cxd4 4. Nxd4 a6 5. Nc3 Nc6 6. Nxc6 bxc6 7. Bd3 Bc5 8. 0-0 d5 9. Qe2 Ne7 10. h4 0-0 11. h5 f5 12. e5 d4 13. Na4 Ba7 14. Bg5 Qc7 15. h6 g6 16. Bxa6 Bxa6 17. Qxa6 Bc5 18. Qc4 1-0

[Event "CRO-chT U16"]
[Site "Vinkovci"]
[Date "2009.12.30"]
[Round "7.3"]
[White "Vincetic, Kristijan"]
[Black "Turk, Tajana"]
[Result "1/2-1/2"]
[WhiteElo "1519"]
[BlackElo "1746"]
[PlyCount "84"]
[EventDate "2009.12.27"]
[EventType "team-tourn"]
[EventRounds "7"]
[EventCountry "CRO"]
[SourceTitle "EXT 2011"]
[Source "ChessBase"]
[SourceDate "2010.11.26"]
[SourceVersion "1"]
[SourceVersionDate "2010.11.26"]
[SourceQuality "1"]

1. e4 c5 2. Nf3 e6 3. d4 cxd4 4. Nxd4 a6 5. Be2 Qc7 6. Nc3 Bb4 7. Bd2 Nf6 8. f3 Nc6 9. Nb3 b5 10. a3 Bd6 11. g3 Bb7 12. Be3 Ne7 13. Qd2 Be5 14. Bd4 Bxd4 15. Qxd4 d5 16. Bd3 Nc6 17. Qc5 Nd7 18. Qe3 dxe4 19. Bxe4 Nce5 20. Nd2 Rb8 21. Bxb7 Qxb7 22. Nce4 Qc6 23. Rc1 Ng6 24. Qc3 Qxc3 25. Nxc3 Nf6 26. Ke2 Ke7 27. Rhd1 Ne5 28. Na2 Rbc8 29. Nb4 a5 30. Nd3 Nxd3 31. cxd3 Rhd8 32. Ne4 Nxe4 33. dxe4 f6 34. Rxd8 Rxc1 35. Rd2 Rc4 36. Kd1 b4 37. Rc2 Rxc2 38. Kxc2 bxa3 39. bxa3 Kd6 40. Kd3 Kc5 41. Kc3 Kb5 42. Kb3 Kc5 1/2-1/2

[Event "CRO-chT U16"]
[Site "Vinkovci"]
[Date "2009.12.29"]
[Round "6.3"]
[White "Ivekovic, Tihana"]
[Black "Vincetic, Kristijan"]
[Result "1/2-1/2"]
[WhiteElo "1840"]
[BlackElo "1519"]
[PlyCount "78"]
[EventDate "2009.12.27"]
[EventType "team-tourn"]
[EventRounds "7"]
[EventCountry "CRO"]
[SourceTitle "EXT 2011"]
[Source "ChessBase"]
[SourceDate "2010.11.26"]
[SourceVersion "1"]
[SourceVersionDate "2010.11.26"]
[SourceQuality "1"]

1. e4 c5 2. Nf3 a6 3. d4 cxd4 4. Nxd4 Nf6 5. Nc3 d6 6. Be2 e6 7. 0-0 Be7 8. Be3 Nc6 9. a4 Qc7 10. Nb3 0-0 11. f4 Na5 12. Qd3 Rd8 13. Nxa5 Qxa5 14. Bf3 Qc7 15. a5 Rd7 16. Na4 d5 17. e5 d4 18. Bxd4 Nd5 19. Bxd5 Rxd5 20. Qc3 Qxa5 21. Qxa5 Rxa5 22. Nb6 Rxa1 23. Rxa1 Rb8 24. Rd1 Kf8 25. c4 Ke8 26. Kf2 Bd8 27. Ke3 Bxb6 28. Bxb6 Bd7 29. b4 Rc8 30. Kd4 Bc6 31. Bc5 Ba4 32. Rc1 Kd7 33. g4 Bc6 34. Rc3 Bg2 35. g5 Bf1 36. h4 g6 37. Rc1 Bg2 38. Rd1 Bc6 39. Rb1 Bf3 1/2-1/2